Biblioteka Instytutu Północnego w Olsztynie

Przegląd źródeł polskiego prawa wojskowego, obowiązującego za czasów Księstwa Warszawskiego, Królestwa Polskiego i Powstania Listopadowego / (Rekord nr 27822)

Szczegóły MARC
000 -Nagłówek
fixed length control field 01396cam a2200385 i 4500
001 - Nr kontrolny bibl., która utworzyła rek.
control field xx001422564
003 - Siglum bibl., której nr kontr. jest w 001
control field NUKAT
005 - Data i czas ostatniej operacji
control field 20260427223758.0
008 - Elementy pola stałej długości
fixed length control field 090924s1931 pl g 2 |000 0 pol c
035 ## - Systemowy numer kontrolny
systemowy numer kontrolny (OCoLC)750491657
035 ## - Systemowy numer kontrolny
systemowy numer kontrolny (NUKAT)xx001422564
040 ## - Instytucja sporządzająca opis
Instytucja, która sporządziła opis WA U/RB
język katalgowania-trzyzn. kod pol
zasady opisu rda
Instytucja, która sporządziła rekord WA U/RB
Instytucja, która zmodyfikowała rekord WA U/EBA
-- WA U/JKs
-- OLSZT 008/AL
100 1# - Hasło główne-nazwa osobowa
Nazwa osobowa Adamus, Jan
Daty biograficzne (1896-1962).
rodzaj współpracy Autor
9 (RLIN) 8258
245 10 - Tytuł właściwy i oznaczenie odpow.
tytuł Przegląd źródeł polskiego prawa wojskowego, obowiązującego za czasów Księstwa Warszawskiego, Królestwa Polskiego i Powstania Listopadowego /
dod. inf. ze s. tyt./ozn. odpow. Jan Adamus.
260 ## - Adres wydawniczy
miejsce wydania, dystrybucji itp. Warszawa :
nazwa wydawcy, dystrybutora itp. [wydawca nieznany],
data wydania, dystrybucji itp. 1931.
300 ## - Opis fizyczny
objętość i/lub forma materiału 21 stron ;
format 24 cm.
336 ## - Content Type
Term Tekst
Code txt
Source rdacontent
337 ## - Media Type
Term Bez urządzenia pośredniczącego
Code n
Source rdamedia
338 ## - Carrier Type
Term Wolumin
Code nc
Source rdacarrier
380 ## - Form of work
Form of work Książki
380 ## - Form of work
Form of work Publikacje naukowe
500 ## - Uwaga ogólna
uwaga ogólna Odbitka z: Wojskowy Przegląd Prawniczy, R. 4, nr 4.
500 ## - Uwaga ogólna
uwaga ogólna Tytuł nagłówkowy.
510 4# - Uwaga o cytowaniu lub źródłach opisu bibliogr.
nazwa źródła BP 1901-1939,
lokaliz. opracowania w źródle poz. 1024
648 #7 - SUBJECT ADDED ENTRY--CHRONOLOGICAL TERM
Chronological term 1701-1800
Source of heading or term DBN
9 (RLIN) 36035
648 #7 - SUBJECT ADDED ENTRY--CHRONOLOGICAL TERM
Chronological term 1801-1900
Source of heading or term DBN
9 (RLIN) 36037
648 #7 - SUBJECT ADDED ENTRY--CHRONOLOGICAL TERM
Chronological term 1901-2000
Source of heading or term DBN
9 (RLIN) 34996
650 #7 - Hasło przedmiotowe-nazwa pospolita
nazwa pospolita lub geogr. Prawo wojskowe
źródło hasła DBN
9 (RLIN) 40722
650 #7 - Hasło przedmiotowe-nazwa pospolita
nazwa pospolita lub geogr. Prawo wojskowe
określnik geograficzny Polska
określnik chronologiczny 19 w.
źródło hasła kaba
9 (RLIN) 40723
651 #7 - Hasło przedmiotowe-nazwa geogr.
nazwa geograficzna Polska
źródło hasła DBN
9 (RLIN) 35076
655 #7 - Termin określający rodzaj/formę
rodzaj/forma Nadbitki i odbitki
źródło terminu DBN
9 (RLIN) 38727
658 ## - Nazwa określająca cel programu nauczania
główny cel programu nauczania Historia
658 ## - Nazwa określająca cel programu nauczania
główny cel programu nauczania Prawo i wymiar sprawiedliwości
942 ## - ADDED ENTRY ELEMENTS (KOHA)
Source of classification or shelving scheme Dewey Decimal Classification
Koha item type pozycje dostępne na miejscu
Egzemplarze
Status wycofania Status zagubienia Klasyfikacja Status uszkodzenia Blokada wypożyczeń Kolekcja Lokalizacja macierzysta Lokalizacja bieżąca Data nabycia Nr inwentarzowy il. wypożyczeń Sygnatura Kod kreskowy Date last seen Price effective from Typ egz.
    Dewey Decimal Classification uszkodzona   Pracownia Badań Księgozbiorów Historycznych Biblioteka Instytutu Północnego w Olsztynie Pracownia Badań Księgozbiorów Historycznych 27/04/2026 16667   16667 IPWK22204 27/04/2026 27/04/2026 pozycje dostępne na miejscu
Biblioteka Instytutu Północnego, ul. Partyzantów 87, 10-402 Olsztyn, email: biblioteka(at)ip.olsztyn.pl